La culture en couleurs (10) Violet - Statistiques

Statistiques générales
  • Ce quiz a été pris 204 fois
  • Le résultat moyen est 8 sur 21
Statistiques - réponses
Question Réponse % Correct
Avec le violet, quelle est l'autre couleur qu'arbore le groupe des Lakers de la NBA ? Jaune moutarde
90%
Chocolat issu de vaches violettes. Milka
88%
Plante provençale aux nombreuses vertus. La lavande
85%
Dans la religion catholique ou protestante, quel religieux porte la soutane violette ? L'Évêque
65%
Quel est l'artiste derrière la chanson "Purple Rain" ? Prince
62%
A partir de quel siècle la couleur violette a été popularisée comme couleur du deuil atténué (soit par la distance de parenté, soit par le temps) ? XIXe siècle
61%
En quelle année la production des billets violets a-t-elle cessé ? 2014
55%
De quelle ville la violette est-elle le symbole ? Toulouse
49%
Autrefois, quel était le statut des jeunes hommes qui portaient deux violettes à la boutonnière ? Célibataire
41%
Le violet a été porté par ce groupe de féministes anglaises dès la fin du XIXe siècle. Les Suffragettes
39%
Groupe né en 1968, il est le pionnier du hard rock. Deep Purple
36%
Quel empereur avait-on surnommé "Père la Violette" ? Napoléon Bonaparte
23%
Cette ancienne soldate est l'héroïne de ce manga éponyme, décliné en une série d'animation Netflix et en films. Violet Evergarden
23%
Quel pays est le plus grand producteur d'améthyste ? Le Brésil
17%
Au début du XVIIe siècle, à partir de quel insecte fabrique-t-on le pigment violet ? La cochenille
16%
Célèbre morceau de Jimi Hendrix. Purple Haze
14%
Nom d'une célèbre meurtrière du XXème siècle. Violette Nozière
12%
Qui a peint "La femme au manteau violet" en 1937 ? Henri Matisse
8%
Cette décoration française, créée pour honorer les membres éminents de l'Université, est ornée un ruban violet. Les Palmes Académiques
6%
De quelle grande capitale le violet est-il la couleur dominante du drapeau ? Tokyo
6%
Qui était l'interprète principal du film "Violettes Impériales" ? Luis Mariano
5%
Aucun quiz correspondant
Distribution des résultats
% des personnes avec chaque résultat
Percentile par nombre de réponses
Votre historique - résultats
Vous n’avez pas pris ce quiz